Воини в сянка (Запис номер 100311)
[ съкратено ]
| 000 -Лидер | |
|---|---|
| Контролно поле с фиксирана дължина | 02733nam a2200457 c 4500 |
| 003 - Код на организацията, давaща контролен номер | |
| Контролно поле | BLK |
| 005 - Дата и час на последна редакция | |
| Контролно поле | 20180422105327.0 |
| 008 - Елементи от данни с фиксирана дължина | |
| fixed length control field | 180409b bul|||||r ||||||| ||bul|| |
| 010 ## - Наследен системен номер | |
| LC control number | KNG00105329000 |
| 020 ## - Международен стандартен номер на книга ISBN | |
| Международен стандартен номер на книга ISBN | 954-733-303-8 |
| -- | издат.: Прозорец |
| 040 ## - Източник на каталожния запис | |
| Идентификатор на билиотеката - собственик на записа | BLK |
| 041 ## - Код за език | |
| Код за езика на текст/звукозапис или на отделно заглавие | Български |
| Код за езика КДБФ | Български |
| 080 ## - УДК | |
| Текстов определител УДК | Специални пехотни части - Командоси. Парашутни части. Въздушно-десантни части |
| УДК код - определител по УДК | 356.16 |
| УДК определител | (73)(093.3) |
| УДК - код + определител | 356.16(73)(093.3) |
| 080 ## - УДК | |
| Текстов определител УДК | Политическо преследване. Терористични действия. Тероризъм - Атентати, политически убийства. Вж и 343.1 ; 343.3/.7 |
| УДК код - определител по УДК | 323.28 |
| УДК определител | (093.3) |
| УДК - код + определител | 323.28(093.3) |
| 080 ## - УДК | |
| Текстов определител УДК | Обща организация на въоръженните сили. Войска и флота - Подразделение в различните родове войски (армии, дивизии, полкове, ескадри и др. )Чинове и длъжности на военнослужещите и др. |
| УДК код - определител по УДК | 355.3 |
| УДК определител | (73)(092)(093.3) |
| УДК - код + определител | 355.3(73)(092)(093.3) |
| 080 ## - УДК | |
| Текстов определител УДК | |
| УДК код - определител по УДК | 929 Стайнър, Карл |
| УДК определител | |
| УДК - код + определител | 929 Стайнър, Карл |
| 100 1# - Редна дума - Автор | |
| Автор | Кланси, Том |
| Авторска отговорност | първи автор |
| R(LIN) | 79533 |
| 139 ## - Редно поле | |
| Редна дума | Кланси, Том и др. |
| Авторски знак | Кла - К 63 |
| 245 10 - Сведения за заглавието | |
| Заглавие | Воини в сянка |
| Подзаглавни данни | Спец. сили - поглед отвътре |
| Редно поле (дума) | Том Кланси; съавт. Карл Стайнър; прев. Лъчезар Мориц Бенатов. |
| 257 ## - Страна на издаване | |
| Страна на създаване/издаване | Съединени американски щати |
| 260 ## - Област на издателските данни | |
| -- | София |
| Име на издателя, разпространителя и проч. | Прозорец |
| Година на издаване | 2003 |
| Печатница | София : Инвестпрес АД |
| 300 ## - Физическа характеристика | |
| Страници | 464 с. |
| Размери/Мащаб | 24 см |
| 380 ## - Жанр | |
| Жанр | Обществени науки |
| 490 1# - СЕРИИ (Колекции) | |
| Име на серия | Поредица Хроника |
| №: серия | 39 |
| 500 ## - Общи забележки | |
| Забележка | Ориг. загл. Shadow Warriors - Inside the Special Forces / Tom Clancy, Carl Stiner. - Съдържа и Кратка история на командването за специални операции на Съединените щати ; Лидерите. - Офс. изд. - 300 тир. |
| 600 14 - Име на лице, използвано като предмет | |
| За него / За нея | Стайнър, Карл |
| 9 (RLIN) | 374646 |
| 650 #4 - Допълнително описание по предмет – тема | |
| Основно описание – тема или топоним | Специални части - командоси, десантчици и др. |
| 9 (RLIN) | 295541 |
| 650 #4 - Допълнително описание по предмет – тема | |
| Основно описание – тема или топоним | Тероризъм |
| 9 (RLIN) | 173548 |
| 650 #4 - Допълнително описание по предмет – тема | |
| Основно описание – тема или топоним | Офицери, американски |
| 9 (RLIN) | 308400 |
| 653 ## - Ключова дума – ненормативна | |
| Ключова дума | командоси |
| 653 ## - Ключова дума – ненормативна | |
| Ключова дума | специални пехотни части |
| 653 ## - Ключова дума – ненормативна | |
| Ключова дума | американци |
| 653 ## - Ключова дума – ненормативна | |
| Ключова дума | офицери |
| 700 1# - Други автори (авторска отговорност) | |
| Лично име | Стайнър, Карл |
| Автороска отговорност (Описва отношението между автора и произведението) | съавт. |
| 9 (RLIN) | 308399 |
| 700 1# - Други автори (авторска отговорност) | |
| Лично име | Бенатов, Лъчезар Мориц |
| Автороска отговорност (Описва отношението между автора и произведението) | прев. |
| 9 (RLIN) | 368179 |
| 852 ## - Местоположение | |
| Форматна сигнатура | Цб 214313 |
| 856 4# - Електронен адрес и достъп | |
| Електронен формат | pdf - файл |
| Път до файла /url/ | |
| 856 4# - Електронен адрес и достъп | |
| Електронен формат | pdf - файл |
| Път до файла /url/ | |
| 942 ## - АРТИКУЛИ | |
| Вид на библиотечния материал | Книги |
| Скрит в OPAC | Не |
| 944 ## - СЪЗДАВАНЕ И РЕДАКЦИЯ на ЗАПИСА | |
| Създаване/Редакция | Създаване |
| Дата на регистрацията/редакция | 01.01.2003 |
| Служител, извършил регистрацията/редакцията | Геновева_Генчева |
| 944 ## - СЪЗДАВАНЕ И РЕДАКЦИЯ на ЗАПИСА | |
| Създаване/Редакция | Редакция |
| Дата на регистрацията/редакция | 30.05.2005 |
| Служител, извършил регистрацията/редакцията | |
| 999 ## - СИСТЕМНИ КОНТРОЛНИ НОМЕРА | |
| Koha biblionumber | 100311 |
| Koha biblioitemnumber | 100311 |
| Код за отписване | Код за изгубен артикул | Източник на класификационната схема | Код за повреда | Коз за рестрикции | Код за отдаване | Артикулен № | Име на библиотеката - собственик | Име на библиотеката, в която се намира в момента | Статус (Текущо местоположение) | Дата на вписване в системата | Местоположение - отдел | Цена в лева | Инвентарен номер | Систематично азбучна сигнатура | Баркод | Номер на екземпляра | Цена в евро | Служебна бележка | Служебен тип на артикула |
|---|---|---|---|---|---|---|---|---|---|---|---|---|---|---|---|---|---|---|---|
| Изтеглен | Не е изгубен | Universal Decimal Classification | Не е повреден | без рестрикции | заемане за дома | 161467 | Регионална библиотека "Любен Каравелов" Русе | Регионална библиотека "Любен Каравелов" Русе | Заемна - подръчен фонд | 2003-03-17 | Заемна - подръчен фонд | 15.00 | 120000675206 | П 355/359/К 63 | 120000675206 | 1 | 7.67 | Дост: Pk Вид: Ф N: 8 Дата: 06.03.2003 Дата инв: 06.02.2018 Бележки инв: П2018 | Книги |
| Не е изгубен | Не е повреден | без рестрикции | ползва се в читалня | 161468 | Регионална библиотека "Любен Каравелов" Русе | Регионална библиотека "Любен Каравелов" Русе | Хранилище | 2005-05-16 | Хранилище | 15.00 | 120000694177 | Цб 214313 | 120000694177 | 2 | 7.67 | Дост: Dp Вид: Д N: 26 Дата: 16.06.2004 | Книги |